000 00669cam a22002533a 4500
001 32619
003 PGUSA
005 20140828083715.0
008 100531s2010||||xxu|||||s|||||000 1 eng d
040 _aPGUSA
_beng
042 _adc
050 4 _aPS
100 1 _aWilson, Richard,
_d1920-1987
245 1 0 _aBack to Julie
_h[electronic resource] /
_cRichard Wilson
260 _bProject Gutenberg,
_c2010
506 _aPublic domain in the USA.
516 _aElectronic text
653 _aScience fiction
653 _aShort stories
700 1 _aVidmer
830 0 _aProject Gutenberg
_v32619
856 4 0 _uhttp://www.gutenberg.org/ebooks/32619
942 _cEB
999 _c261874
_d261874